Name That Cast V: Scooby Doo Quiz Stats

 Plays Quiz not verified by Sporcle

Score 0/12 Timer 03:00
0 Plays Today
Character Actor/Actress % Correct
1969-1972Scooby Doo (series)
100%
2002Scooby Doo (movie)
100%
ShaggyCasey Kasem
57.1%
FredFrank Welker
55.8%
DaphneSarah Michelle Gellar
50.9%
ShaggyMatthew Lillard
50.3%
FredFreddie Prinze Jr
50.3%
Scooby DooDon Messick
41.7%
VelmaLinda Cardellini
30.1%
VelmaNicole Jaffe
24.5%
Scooby DooNeil Fanning
18.4%
DaphneHeather North/Stefanianna Christopherson
14.7%

You're not logged in!

Compare scores with friends on all Sporcle quizzes.
OR
Log In

Sporcle TV

Today on Sporcle TV


Watch our educational content, quiz creation guides, and fun videos on Sporcle TV.

Show Comments

Extras

Top Quizzes Today


Score Distribution

Your Account Isn't Verified!

In order to create a playlist on Sporcle, you need to verify the email address you used during registration. Go to your Sporcle Settings to finish the process.

Report this User

Report this user for behavior that violates our Community Guidelines.

Details: